Panini World Cup 1998 Stickers - Statistics

General Stats
  • This quiz has been taken 85 times
  • The average score is 25 of 36
Answer Stats
Picture Hint Answer % Correct
France Zinedine Zidane
100%
Brazil Ronaldo
99%
Netherlands Edwin van der Sar
92%
Denmark Peter Schmeichel
92%
Italy Paolo Maldini
91%
Brazil Roberto Carlos
91%
France Thierry Henry
91%
Netherlands Dennis Bergkamp
89%
Brazil Rivaldo
85%
Croatia Davor Šuker
84%
France Didier Deschamps
84%
Denmark Brian Laudrup
81%
Netherlands Patrick Kluivert
81%
Romania Gheorghe Hagi
78%
Germany Jürgen Klinsmann
78%
Spain Raul
78%
Argentina Diego Simeone
77%
England Sol Campbell
77%
Argentina Juan Sebastian Veron
76%
France Marcel Desailly
76%
Bulgaria Hristo Stoichkov
74%
England Paul Scholes
74%
Norway Ole Gunnar Solskjaer
73%
Italy Christian Vieri
66%
Japan Hidetoshi Nakata
58%
Nigeria Nwankwo Kanu
55%
Paraguay Jose Luis Chilavert
53%
Germany Matthias Sammer
47%
Chile Ivan Zamorano
43%
Colombia Faustino Asprilla
42%
Yugoslavia Predrag Mijatović
42%
Mexico Luis Hernandez
41%
Croatia Zvonimir Boban
36%
Yugoslavia Siniša Mihajlović
32%
Belgium Luc Nilis
20%
Croatia Robert Jarni
18%
No matching quizzes found
Score Distribution
Percent of People with Each Score
Percentile by Number Answered
Your Score History
You have not taken this quiz